Songs ( and Albums / EP / Single ) of Caravan Palace - Statistics

General Stats
  • This quiz has been taken 94 times
  • The average score is 49 of 81
Answer Stats
Album Type Titre % Correct
<|°_°|> Lone Digger
97%
<|°_°|> Wonderland
88%
Wonderland - Single Wonderland
88%
Wonderland - Single EP / Single Wonderland - Single
88%
<|°_°|> Comics
85%
Panic Album Panic
82%
Panic Panic
82%
<|°_°|> Aftermath
76%
Panic Beatophone
76%
Panic Dramophone
74%
Panic Rock it for me
74%
<|°_°|> Lay Down
71%
Caravan Palace Album Caravan Palace
68%
Panic Clash
68%
Clash - EP Clash
68%
Clash - EP EP / Single Clash - EP
68%
Clash - EP Clash (Flash Remix by Charles)
68%
Clash - EP Clash (Jupiter Remix)
68%
Clash - EP Clash (Slash Remix by Shiny Mob)
68%
Clash - EP Clash (Splash Remix by Hugo)
68%
<|°_°|> Midnight
68%
Chronologic Miracle
68%
Miracle EP / Single Miracle
68%
Miracle Miracle
68%
Miracle Miracle - Boogie Belgique Remix
68%
Miracle (Boogie Belgique Remix) EP / Single Miracle (Boogie Belgique Remix)
68%
Miracle (Boogie Belgique Remix) Miracle - Boogie Belgique Remix
68%
Miracle Miracle - Fakear Remix
68%
Chronologic Plume
68%
Plume EP / Single Plume
68%
Plume Plume
68%
<|°_°|> Russian
68%
Caravan Palace Suzy
68%
Suzy - single Suzy
68%
Suzy - single Suzy (radio edit)
68%
Suzy - single EP / Single Suzy - single
68%
<|°_°|> Tattoos
68%
<|°_°|> Wonda
68%
Chronologic About You
65%
About You EP / Single About You
65%
About You About You
65%
Caravan Palace Brotherswing
65%
Caravan Palace Dragons
65%
Black Betty EP / Single Black Betty
62%
Black Betty Black Betty
62%
<|°_°|> Human Leather Shoes for Crocodile Dandies
62%
Chronologic Moonshine
62%
Chronologic Supersonics
62%
Supersonic EP / Single Supersonics
62%
Supersonic Supersonics
62%
<|°_°|> Mighty
59%
Wonderland - Single Mighty [Extended Version]
59%
Panic Newbop
59%
Chronologic April
56%
Chronologic Album Chronologic
56%
Panic Cotton Heads
56%
Chronologic Waterguns
56%
Chronologic Ghosts
53%
Chronologic Leena
53%
Panic Pirates
53%
Caravan Palace Star Scat
53%
Panic Sydney
53%
Panic The dirty side of the street
53%
Chronologic Fargo
50%
Panic Maniac
50%
Caravan Palace La Caravane
47%
Caravan Palace Je m'amuse
44%
Chronologic Melancolia
44%
Panic 12 juin 3049
41%
Clash - EP 12 juin 3049
41%
Caravan Palace Sofa
41%
Caravan Palace Violente Valse
41%
Caravan Palace L'envol
38%
Panic Queens
38%
Panic Glory of Nelly
35%
Caravan Palace Jolie Coquine
35%
Caravan Palace We Can Dance
35%
Caravan Palace Bambous
32%
Caravan Palace Ended with the night
29%
Caravan Palace Lazy Place
26%
Caravan Palace Oooh
26%
No matching quizzes found
Score Distribution
Percent of People with Each Score
Percentile by Number Answered
Your Score History
You have not taken this quiz